[Event "CHN-chT (Women)"]
[Site "Qingdao"]
[Date "2024.04.07"]
[Round "6.3"]
[White "Sun, Fanghui"]
[Black "Gao, Muziyan"]
[Result "0-1"]
[WhiteElo "2124"]
[BlackElo "1891"]
[PlyCount "118"]
[EventDate "2024.04.02"]
[EventType "team-swiss"]
[EventRounds "9"]
[EventCountry "CHN"]
[SourceTitle "CB16_2024"]
[SourceDate "2024.04.17"]
[SourceVersion "1"]
[SourceVersionDate "2024.04.17"]
[SourceQuality "1"]
[WhiteTeam "Chongqing (W)"]
[BlackTeam "Jiangsu (W)"]
[WhiteTeamCountry "CHN"]
[BlackTeamCountry "CHN"]

1. e4 c5 2. Nf3 Nc6 3. Bb5 g6 4. Bxc6 bxc6 5. 0-0 Bg7 6. Re1 Nh6 7. c3 0-0 8. h3 f5 9. e5 Nf7 10. d4 cxd4 11. cxd4 e6 12. Nc3 c5 13. d5 Bb7 14. Be3 Rc8 15. Qb3 Qb6 16. dxe6 dxe6 17. Ng5 Qc6 18. f3 c4 19. Qb5 Nxe5 20. Qxc6 Rxc6 21. Bd4 Bf6 22. Bxe5 Bxg5 23. Rad1 Bf6 24. Na4 Kg7 25. f4 Bc8 26. Rd4 Rf7 27. Kf2 Rb7 28. a3 Bd7 29. Bxf6+ Kxf6 30. Re2 h6 31. h4 g5 32. hxg5+ hxg5 33. fxg5+ Kxg5 34. Re5 Kf6 35. Ra5 Rcc7 36. Rd2 Bxa4 37. Rxa4 Rb6 38. Rc2 Rcb7 39. Raxc4 Rxb2 40. Rxb2 Rb4 41. Rb3 Rxb3 42. Kf1 Rb1+ 43. Kf2 Rb2+ 44. Kf1 Rb5 45. Ra4 a5 46. g4 e5 47. gxf5 Kxf5 48. Ke2 e4 49. Ke3 Rb3+ 50. Kd4 Kf4 51. Rxa5 e3 52. Ra8 e2 53. Re8 Kf3 54. a4 Ra3 55. Rf8+ Kg2 56. Re8 Kf2 57. Rf8+ Ke1 58. Ke4 Rxa4+ 59. Kf3 Ra3+ 0-1

[Event "CHN-chT (Women)"]
[Site "Qingdao"]
[Date "2024.04.04"]
[Round "3.3"]
[White "Gao, Muziyan"]
[Black "Xue, Shixuan"]
[Result "1/2-1/2"]
[WhiteElo "1891"]
[BlackElo "1790"]
[PlyCount "85"]
[EventDate "2024.04.02"]
[EventType "team-swiss"]
[EventRounds "9"]
[EventCountry "CHN"]
[SourceTitle "CB16_2024"]
[SourceDate "2024.04.17"]
[SourceVersion "1"]
[SourceVersionDate "2024.04.17"]
[SourceQuality "1"]
[WhiteTeam "Jiangsu (W)"]
[BlackTeam "Beijing (W)"]
[WhiteTeamCountry "CHN"]
[BlackTeamCountry "CHN"]

1. Nf3 d5 2. g3 Nf6 3. Bg2 e6 4. 0-0 c5 5. d4 cxd4 6. Nxd4 e5 7. Nb3 Be6 8. Nc3 Be7 9. Bg5 Nbd7 10. f4 exf4 11. gxf4 Nb6 12. Qd3 0-0 13. f5 Bd7 14. Rad1 Nc4 15. Bxf6 Bxf6 16. Qxd5 Nxb2 17. Qxd7 Qb6+ 18. Kh1 Bxc3 19. Rd6 Qe3 20. Qxb7 Qxe2 21. Qa6 Rae8 22. Qxe2 Rxe2 23. Rc6 Be5 24. Nc1 Re3 25. Bf3 h6 26. Kg2 Rd8 27. Rf2 Kh7 28. Re2 Rxe2+ 29. Nxe2 Rd2 30. h4 Nd1 31. Rc5 Bd6 32. Ra5 Ne3+ 33. Kh3 Nxc2 34. Rd5 Rxd5 35. Bxd5 f6 36. h5 Ne3 37. Be6 Be5 38. Nc1 Nf1 39. Nd3 Bd6 40. Kg4 Ng3 41. Nb2 Ne4 42. Nc4 Bc7 43. Na3 1/2-1/2

[Event "CHN-ch U12 Girls"]
[Site "Shenzhen"]
[Date "2023.08.02"]
[Round "11"]
[White "Tong, Yiyi"]
[Black "Gao, Muziyan"]
[Result "0-1"]
[WhiteElo "1276"]
[BlackElo "1631"]
[PlyCount "66"]
[EventDate "2023.07.28"]
[EventType "swiss"]
[EventRounds "11"]
[EventCountry "CHN"]
[SourceTitle "CBM 215 Extra"]
[Source "ChessBase"]
[SourceDate "2023.09.30"]
[SourceVersion "1"]
[SourceVersionDate "2023.09.30"]
[SourceQuality "1"]

1. d4 Nf6 2. c4 c5 3. d5 e6 4. Nc3 exd5 5. cxd5 d6 6. e4 g6 7. Be2 Bg7 8. Nf3 0-0 9. Bf4 a6 10. a4 Bg4 11. h3 Bxf3 12. Bxf3 Qc7 13. 0-0 Nbd7 14. Qc2 Rfe8 15. Rfe1 h6 16. Qd2 g5 17. Bh2 Ne5 18. Be2 Ng6 19. Bd3 c4 20. Bc2 Nd7 21. g3 Nge5 22. Kg2 Nc5 23. Re3 Nb3 24. Bxb3 cxb3 25. Rc1 Nc4 26. Qe2 Nxe3+ 27. Qxe3 Qc4 28. f3 Qd4 29. Qxd4 Bxd4 30. Bg1 Bf6 31. Be3 Rac8 32. Bd2 b5 33. axb5 axb5 0-1

[Event "CHN-ch U12 Girls"]
[Site "Shenzhen"]
[Date "2023.08.01"]
[Round "9"]
[White "Gao, Muziyan"]
[Black "Xiong, Xiangming"]
[Result "1-0"]
[WhiteElo "1631"]
[BlackElo "1409"]
[PlyCount "131"]
[EventDate "2023.07.28"]
[EventType "swiss"]
[EventRounds "11"]
[EventCountry "CHN"]
[SourceTitle "CBM 215 Extra"]
[Source "ChessBase"]
[SourceDate "2023.09.30"]
[SourceVersion "1"]
[SourceVersionDate "2023.09.30"]
[SourceQuality "1"]

1. Nf3 Nf6 2. g3 g6 3. d4 d5 4. Bg2 Bg7 5. c4 c6 6. cxd5 cxd5 7. Nc3 Nc6 8. Ne5 0-0 9. 0-0 Be6 10. Nxc6 bxc6 11. Bf4 Nh5 12. Be3 Nf6 13. Rc1 Rc8 14. Na4 Nd7 15. b3 Qa5 16. Re1 Qb4 17. h3 h6 18. f3 g5 19. Bf2 f5 20. f4 gxf4 21. gxf4 Qd6 22. Qd2 Rf6 23. Kh1 Rg6 24. Bf3 Nf6 25. Rg1 Rxg1+ 26. Rxg1 Ne4 27. Qe3 Nxf2+ 28. Qxf2 Kh7 29. Bh5 Rf8 30. Rg6 Rf6 31. Qg3 Rxg6 32. Qxg6+ Kg8 33. Nc5 Bd7 34. Qxd6 exd6 35. Nxd7 Bxd4 36. Kg2 c5 37. Bf3 Be3 38. Bxd5+ Kg7 39. Kf3 Bd4 40. Nb8 a5 41. Nc6 Bc3 42. e4 fxe4+ 43. Kxe4 Kf6 44. f5 h5 45. Be6 Kg5 46. Kd5 Kh4 47. Kxd6 Kxh3 48. f6+ Kg3 49. f7 Bg7 50. Ke7 h4 51. f8Q Bxf8+ 52. Kxf8 h3 53. Nxa5 h2 54. Bd5 Kf4 55. Nc4 Kf5 56. a4 h1Q 57. Bxh1 Ke6 58. Ke8 Kf5 59. a5 Kf4 60. a6 Kg3 61. a7 Kh2 62. a8Q Kh3 63. Qg2+ Kh4 64. Ne5 Kh5 65. Qg6+ Kh4 66. Qg4# 1-0

[Event "CHN-ch U12 Girls"]
[Site "Shenzhen"]
[Date "2023.07.30"]
[Round "5"]
[White "Gao, Muziyan"]
[Black "Wang, Qinxuanyi"]
[Result "1-0"]
[WhiteElo "1631"]
[BlackElo "2032"]
[PlyCount "129"]
[EventDate "2023.07.28"]
[EventType "swiss"]
[EventRounds "11"]
[EventCountry "CHN"]
[SourceTitle "CBM 215 Extra"]
[Source "ChessBase"]
[SourceDate "2023.09.30"]
[SourceVersion "1"]
[SourceVersionDate "2023.09.30"]
[SourceQuality "1"]

1. c4 Nf6 2. Nf3 c6 3. Nc3 d5 4. cxd5 cxd5 5. d4 g6 6. g3 Bg7 7. Bg2 0-0 8. Ne5 Nc6 9. 0-0 e6 10. Nxc6 bxc6 11. Qc2 Nd7 12. Rd1 Ba6 13. Bf4 Nb6 14. b3 Rc8 15. Be3 Nd7 16. Rac1 Qe7 17. Qd2 Rfe8 18. Na4 e5 19. dxe5 Qxe5 20. Nc5 Nxc5 21. Rxc5 Qe7 22. Rdc1 d4 23. Bxd4 Bxd4 24. Qxd4 Qxe2 25. Bf1 Qxa2 26. Ra1 Qxb3 27. Rxa6 Rcd8 28. Qc4 Qf3 29. Qc3 Qe4 30. Rc4 Qf5 31. Raxc6 h5 32. Rf4 Qb1 33. Qc4 Re7 34. Rc8 Qb6 35. Rxd8+ Qxd8 36. Rd4 Qc7 37. Qd3 Kg7 38. Rd6 Qc5 39. Rd5 Qc6 40. Rd8 Qf6 41. Ra8 Rc7 42. Qe3 Re7 43. Qc5 h4 44. Rxa7 Re5 45. Qd4 hxg3 46. hxg3 Re1 47. Qxf6+ Kxf6 48. Kg2 Rc1 49. Bb5 Rc8 50. Ba4 Rb8 51. Bc6 Ke6 52. Rb7 Rd8 53. f4 f5 54. Ba4 Kf6 55. Bb3 g5 56. Rb6+ Kg7 57. fxg5 Rd2+ 58. Kf3 Rd4 59. Bc2 Rg4 60. Bxf5 Rxg5 61. g4 Kf7 62. Kf4 Rg7 63. Rb7+ Kf8 64. Rxg7 Kxg7 65. Kg5 1-0

[Event "CHN-ch U12 Girls"]
[Site "Shenzhen"]
[Date "2023.07.28"]
[Round "2"]
[White "Tang, Xuanting"]
[Black "Gao, Muziyan"]
[Result "0-1"]
[WhiteElo "1098"]
[BlackElo "1631"]
[PlyCount "68"]
[EventDate "2023.07.28"]
[EventType "swiss"]
[EventRounds "11"]
[EventCountry "CHN"]
[SourceTitle "CBM 215 Extra"]
[Source "ChessBase"]
[SourceDate "2023.09.30"]
[SourceVersion "1"]
[SourceVersionDate "2023.09.30"]
[SourceQuality "1"]

1. d4 Nf6 2. c4 e6 3. Nc3 Bb4 4. Bg5 h6 5. Bh4 c5 6. e3 Qa5 7. Qc2 g5 8. Bg3 Ne4 9. Nge2 cxd4 10. exd4 Qf5 11. 0-0-0 Nxg3 12. Nxg3 Qxc2+ 13. Kxc2 Bxc3 14. bxc3 d6 15. Ne4 Ke7 16. c5 d5 17. Nd6 b6 18. Nb5 Nc6 19. Rb1 Bd7 20. Nc7 Rac8 21. cxb6 axb6 22. Nb5 Ra8 23. a3 Rhc8 24. g3 Na5 25. Kb2 Nc4+ 26. Kc2 Ra5 27. Bxc4 Rxc4 28. a4 Rcxa4 29. c4 Rxc4+ 30. Nc3 Ra3 31. Rb3 Ba4 32. Rhb1 Bxb3+ 33. Rxb3 Rxb3 34. Kxb3 Rxd4 0-1

[Event "CHN-ch sf (Women)"]
[Site "Hefei"]
[Date "2023.04.24"]
[Round "4"]
[White "Wang, Qinxuanyi"]
[Black "Gao, Muziyan"]
[Result "1-0"]
[WhiteElo "1867"]
[BlackElo "1374"]
[PlyCount "95"]
[EventDate "2023.04.23"]
[EventType "swiss"]
[EventRounds "11"]
[EventCountry "CHN"]
[SourceTitle "CBM 214 Extra"]
[Source "ChessBase"]
[SourceDate "2023.07.31"]
[SourceVersion "1"]
[SourceVersionDate "2023.07.31"]
[SourceQuality "1"]

1. d4 Nf6 2. c4 e6 3. Nf3 b6 4. g3 Bb7 5. Bg2 c5 6. Be3 cxd4 7. Bxd4 Be7 8. 0-0 0-0 9. Nc3 Nc6 10. Be3 d6 11. Qd2 Rc8 12. Rfd1 Qd7 13. Rac1 Rfd8 14. Qe1 Qc7 15. b4 Qb8 16. a3 h6 17. Na4 Ng4 18. Bd2 Nce5 19. Nxe5 Nxe5 20. Bxb7 Qxb7 21. Nb2 Qa6 22. a4 Qb7 23. Bc3 Nxc4 24. Bxg7 Kxg7 25. Nxc4 d5 26. Ne5 Rxc1 27. Rxc1 Rc8 28. b5 Rc5 29. Nc6 a5 30. Rxc5 Bxc5 31. Nxa5 Qa7 32. Qa1+ f6 33. Nc6 Qf7 34. Qc1 Qh5 35. Qc2 Qg4 36. e3 Qc4 37. Qxc4 dxc4 38. Kf1 Kf7 39. Ke2 e5 40. Kd2 Ke6 41. Kc3 Kd5 42. Nb4+ Bxb4+ 43. Kxb4 h5 44. Kc3 f5 45. f3 Kc5 46. e4 f4 47. gxf4 exf4 48. h4 1-0

[Event "CHN-chTB"]
[Site "Hefei"]
[Date "2023.04.22"]
[Round "9"]
[White "Gao, Muziyan"]
[Black "Liu, Manli"]
[Result "1/2-1/2"]
[WhiteElo "1374"]
[BlackElo "2137"]
[PlyCount "94"]
[EventDate "2023.04.17"]
[EventType "team-swiss"]
[EventRounds "9"]
[EventCountry "CHN"]
[SourceTitle "EXT 2024"]
[Source "ChessBase"]
[SourceDate "2023.10.10"]
[SourceVersion "1"]
[SourceVersionDate "2023.10.10"]
[SourceQuality "1"]
[WhiteTeam "Xinghua Chess School"]
[BlackTeam "Guangzhou Lingnan"]
[WhiteTeamCountry "CHN"]
[BlackTeamCountry "CHN"]

1. Nf3 d5 2. d4 g6 3. g3 Bg7 4. Bg2 Nd7 5. 0-0 Ngf6 6. c4 dxc4 7. Nbd2 Nb6 8. Qc2 0-0 9. e4 Bg4 10. h3 Bxf3 11. Nxf3 c6 12. Rd1 Nfd7 13. a4 a5 14. Be3 Qc7 15. Nd2 e5 16. Nxc4 exd4 17. Bxd4 Bxd4 18. Rxd4 Nxc4 19. Qxc4 Rfd8 20. Qc3 Nf8 21. Rad1 Ne6 22. R4d3 Rxd3 23. Rxd3 Rd8 24. Bf1 Rxd3 25. Bxd3 Qd6 26. Kg2 Kf8 27. Bc4 Qd4 28. Qxd4 Nxd4 29. f4 b5 30. axb5 cxb5 31. Bd5 Nc2 32. Bc6 b4 33. Kf2 Ke7 34. Ba4 Nd4 35. Ke3 Ne6 36. e5 Nc5 37. Bb5 a4 38. Kd4 a3 39. bxa3 bxa3 40. Bc4 Nd7 41. Ba2 f6 42. exf6+ Nxf6 43. g4 h5 44. gxh5 Nxh5 45. Ke5 Nf6 46. h4 Ng4+ 47. Kd4 Kf6 1/2-1/2

[Event "CHN-chTB"]
[Site "Hefei"]
[Date "2023.04.21"]
[Round "7"]
[White "Gao, Muziyan"]
[Black "Chen, Yiru"]
[Result "0-1"]
[WhiteElo "1374"]
[BlackElo "1828"]
[PlyCount "96"]
[EventDate "2023.04.17"]
[EventType "team-swiss"]
[EventRounds "9"]
[EventCountry "CHN"]
[SourceTitle "EXT 2024"]
[Source "ChessBase"]
[SourceDate "2023.10.10"]
[SourceVersion "1"]
[SourceVersionDate "2023.10.10"]
[SourceQuality "1"]
[WhiteTeam "Xinghua Chess School"]
[BlackTeam "Beijing"]
[WhiteTeamCountry "CHN"]
[BlackTeamCountry "CHN"]

1. Nf3 Nf6 2. g3 d5 3. d4 e6 4. Bg2 c5 5. c4 Nc6 6. 0-0 cxd4 7. Nxd4 Bc5 8. Nb3 Bb6 9. cxd5 Nxd5 10. a3 0-0 11. Qc2 Nd4 12. Nxd4 Bxd4 13. Rd1 Qb6 14. e3 Bf6 15. e4 Ne7 16. Nc3 Bd4 17. Na4 Qc6 18. Qb3 e5 19. Bg5 Be6 20. Qb4 a5 21. Qxe7 Qxa4 22. Rd2 Qb5 23. a4 Qb6 24. Qa3 Rac8 25. Be7 Rfe8 26. Re1 f6 27. Bf1 Kf7 28. Bd6 Red8 29. Be7 Rd7 30. Bxf6 gxf6 31. Bb5 Rdc7 32. Qf3 Kg7 33. Kg2 Rc2 34. Ree2 Rc1 35. h4 Rb1 36. Rc2 Rxc2 37. Rxc2 Rxb2 38. Rxb2 Bxb2 39. g4 Bf7 40. Qf5 Qe6 41. Qf3 Bd4 42. Qe2 Qa2 43. Qf3 Qd2 44. Bf1 Qf4 45. Qxf4 exf4 46. Kf3 Be5 47. Bb5 Bb3 48. Ke2 Kf7 0-1

[Event "CHN-chT (Women)"]
[Site "Nanjing"]
[Date "2023.02.17"]
[Round "4.2"]
[White "Cai, Jinru"]
[Black "Gao, Muziyan"]
[Result "0-1"]
[WhiteElo "1584"]
[BlackElo "1172"]
[PlyCount "70"]
[EventDate "2023.02.14"]
[EventType "team-swiss"]
[EventRounds "9"]
[EventCountry "CHN"]
[SourceTitle "CBM 212 Extra"]
[Source "ChessBase"]
[SourceDate "2023.03.31"]
[SourceVersion "1"]
[SourceVersionDate "2023.03.31"]
[SourceQuality "1"]
[WhiteTeam "Zhejiang (W)"]
[BlackTeam "Wuxi (W)"]
[WhiteTeamCountry "CHN"]
[BlackTeamCountry "CHN"]

1. e4 c5 2. Nf3 Nc6 3. d4 cxd4 4. Nxd4 d6 5. c4 Nf6 6. Nc3 g6 7. Be2 Bg7 8. Be3 0-0 9. 0-0 Bd7 10. Rc1 Rc8 11. b3 a6 12. f3 Qa5 13. Qd2 Rfd8 14. Nxc6 Bxc6 15. b4 Qe5 16. Bb6 Re8 17. b5 Bd7 18. Rfd1 axb5 19. Bd4 Qh5 20. cxb5 Be6 21. Bf1 Bh6 22. f4 Rxc3 23. Bxc3 Nxe4 24. Be2 Qh4 25. Qd4 Nxc3 26. Qxc3 Bxf4 27. g3 Qg5 28. Rc2 Be3+ 29. Kg2 Qf5 30. Rf1 Qh3+ 31. Kf3 Bc5 32. Bc4 Bg4+ 33. Kf4 e5+ 34. Kg5 Qh5+ 35. Kf6 d5 0-1

[Event "Wch FIDE Online U10 Girls Asia qual"]
[Site "Tornelo INT"]
[Date "2020.12.12"]
[Round "3"]
[White "Gao, Muziyan"]
[Black "Zhao, Yunqing"]
[Result "0-1"]
[WhiteElo "1172"]
[BlackElo "1538"]
[PlyCount "184"]
[EventDate "2020.12.11"]
[EventType "swiss (rapid)"]
[EventRounds "7"]
[EventCountry "ISS"]
[SourceTitle "EXT 2022"]
[Source "ChessBase"]
[SourceDate "2021.10.06"]
[SourceVersion "1"]
[SourceVersionDate "2021.10.06"]
[SourceQuality "1"]

1. Nf3 Nf6 2. g3 b6 3. Bg2 Bb7 4. d4 e6 5. c4 c5 6. 0-0 cxd4 7. Qxd4 Nc6 8. Qd1 Be7 9. b3 0-0 10. Bb2 d5 11. cxd5 Nxd5 12. Nbd2 Bf6 13. Bxf6 Nxf6 14. Nc4 Qe7 15. Qc2 Rfd8 16. Rfd1 Rac8 17. Qb2 h6 18. Rac1 Nb4 19. a3 Nbd5 20. Nfe5 Nd7 21. Nxd7 Rxd7 22. e3 Rdc7 23. e4 Nf6 24. e5 Nd5 25. Nd6 Rxc1 26. Rxc1 Rxc1+ 27. Qxc1 Qd7 28. Nxb7 Qxb7 29. Qc4 Qd7 30. a4 a5 31. Qa6 Qc6 32. h3 Qc1+ 33. Kh2 Qc5 34. Qa8+ Kh7 35. Kg1 Qc1+ 36. Kh2 Qb2 37. Be4+ g6 38. Bxd5 exd5 39. Qxd5 Qxf2+ 40. Kh1 Kg7 41. Qd3 Qe1+ 42. Kh2 Qxe5 43. Kg2 Qb2+ 44. Kf3 Qf6+ 45. Kg2 h5 46. Qe3 Qc6+ 47. Kg1 Qe6 48. Qc3+ Kh7 49. h4 Qd6 50. Kh2 Qc5 51. Qf3 Kg7 52. Kh1 Qc7 53. Qe3 f6 54. Qf3 f5 55. Qe3 Qc6+ 56. Kh2 Qd6 57. Qc3+ Kf7 58. Qc4+ Kg7 59. Qc3+ Kh7 60. Qf3 Qc7 61. Kh1 Qe7 62. Kh2 Qd7 63. Qc3 Qe7 64. Qf3 Qe4 65. Qc3 Qe2+ 66. Kh1 Qf1+ 67. Kh2 Qf2+ 68. Kh1 Qc5 69. Qd3 Qc1+ 70. Kh2 Qc7 71. Qe3 Kg7 72. Qd4+ Kh7 73. Qe3 Qd6 74. Kh1 f4 75. Qxf4 Qxf4 76. gxf4 Kg7 77. Kg2 Kf6 78. Kf2 Ke6 79. Ke3 Kd6 80. Kd4 Ke6 81. Ke4 Kf6 82. Ke3 Ke6 83. Ke4 Kf6 84. Ke3 Ke7 85. Kd3 Kd7 86. Kd4 Kd6 87. Kc4 Kc6 88. Kd4 Kd6 89. Kc4 Kc6 90. b4 axb4 91. Kxb4 Kc7 92. Kb5 Kb7 0-1

[Event "Wch FIDE Online U10 Girls Asia qual"]
[Site "Tornelo INT"]
[Date "2020.12.11"]
[Round "2"]
[White "Yousefian, Maedeh"]
[Black "Gao, Muziyan"]
[Result "1-0"]
[WhiteElo "1471"]
[BlackElo "1172"]
[PlyCount "105"]
[EventDate "2020.12.11"]
[EventType "swiss (rapid)"]
[EventRounds "7"]
[EventCountry "ISS"]
[SourceTitle "EXT 2022"]
[Source "ChessBase"]
[SourceDate "2021.10.06"]
[SourceVersion "1"]
[SourceVersionDate "2021.10.06"]
[SourceQuality "1"]

1. e4 c5 2. c3 Nf6 3. e5 Nd5 4. d4 cxd4 5. Nf3 Nc6 6. cxd4 d6 7. Be2 dxe5 8. dxe5 e6 9. Nc3 Bb4 10. Bd2 Nxc3 11. bxc3 Bc5 12. 0-0 0-0 13. Qc2 b6 14. Rad1 Qc7 15. Bf4 Bb7 16. Ng5 g6 17. Nf3 Rfc8 18. h4 Ne7 19. Qb2 Nd5 20. Bd2 Qe7 21. c4 Nc7 22. Bg5 Qe8 23. h5 Be7 24. Qd2 Rd8 25. Qf4 Na6 26. Qh4 Bxg5 27. Nxg5 Qe7 28. hxg6 fxg6 29. Qg4 Nc5 30. Bf3 Bxf3 31. gxf3 Rac8 32. Kg2 Kg7 33. Rh1 h6 34. Ne4 Nxe4 35. fxe4 Rxd1 36. Rxd1 Rc6 37. Rd4 Kf7 38. Qf3+ Kg7 39. Qg4 Kf7 40. Rd3 Kg7 41. Kf1 a5 42. Ke2 a4 43. Rf3 Rxc4 44. Rf6 Qe8 45. Rxe6 Qf7 46. Rf6 Qe8 47. Qf4 Rc2+ 48. Kf3 Rxa2 49. Kg2 g5 50. Qf5 a3 51. e6 Rb2 52. Rf7+ Kg8 53. Qh7# 1-0